Guerra y paz. Libros III, IV y Epílogo /
Guardado en:
| Autor Principal: | |
|---|---|
| Otros Autores: | |
| Formato: | Libro |
| Idioma: | Undetermined |
| Publicado: |
Madrid :
Gredos,
2016.
|
| Series: | Grandes pensadores
|
| Materias: | |
| Etiquetas: |
Agregar Etiqueta
Sin Etiquetas, Sea el primero en etiquetar este registro!
|
| LEADER | 00671nam a22002175a 4500 | ||
|---|---|---|---|
| 001 | CEM.cems020692 | ||
| 008 | 231124s2016####sp############000#0#und#d | ||
| 005 | 20231124143420.0 | ||
| 245 | 1 | 0 | |a Guerra y paz. Libros III, IV y Epílogo / |c León Tolstói ; traducción y notas por Lydia Kúper. |
| 260 | |a Madrid : |b Gredos, |c 2016. | ||
| 300 | |a 824 p. | ||
| 490 | 1 | |a Grandes pensadores | |
| 020 | |a 9788447382965 | ||
| 100 | 1 | |a Tolstói, León. | |
| 700 | 1 | |a Kúper, Lydia ; trad. | |
| 653 | |a Literatura | ||
| 653 | |a Literatura rusa | ||
| 653 | |a Novela | ||
| 653 | |a Novela rusa | ||
| 653 | |a Realismo ruso | ||
| 859 | |a CEMS |b BIB. CEMS - 11 de abril |h 891.783 |i T588 |p 29752.23 |t Ej. 1 |3 II | ||
